000 00590nam a2200169Ia 4500
008 090711s9999 xx 000 0 und d
082 _b35074
100 _aकुलकर्णी द. भि.
245 _aतिसऱ्यांदा रणांगण
260 _bविजय प्रकाशन
_c1976
300 _a164
600 _aकुलकर्णी द. भि.
630 _aतिसऱ्यांदा रणांगण
700 _aकुलकर्णी द. भि.
730 _aतिसऱ्यांदा रणांगण
942 _cBOOK
999 _c329301
_d329301